Bunga rampai sastera melayu : warisan Islam (Record no. 46277)

MARC details
000 -LEADER
fixed length control field 00720nam a2200265 i 4500
001 - CONTROL NUMBER
control field C2-0145736
003 - CONTROL NUMBER IDENTIFIER
control field PPAK
005 - DATE AND TIME OF LATEST TRANSACTION
control field 20180727131004.0
008 - FIXED-LENGTH DATA ELEMENTS--GENERAL INFORMATION
fixed length control field 980312s1996 my |||| ||||| | may d
020 ## - INTERNATIONAL STANDARD BOOK NUMBER
International Standard Book Number 9836248196
040 ## - CATALOGING SOURCE
Original cataloging agency PPAK
Language of cataloging eng
Transcribing agency PPAK
Description conventions rda
082 04 - DEWEY DECIMAL CLASSIFICATION NUMBER
Classification number 899.23
Edition number 23
090 00 - LOCALLY ASSIGNED LC-TYPE CALL NUMBER (OCLC); LOCAL CALL NUMBER (RLIN)
Classification number (OCLC) (R) ; Classification number, CALL (RLIN) (NR) 899.23
Feature heading ALI
Feature heading G
Classification number (OCLC) (R) ; Classification number, CALL (RLIN) (NR) 899.23
Feature heading ALI
Feature heading KMI
100 0# - MAIN ENTRY--PERSONAL NAME
Personal name Ali Ahmad,
Relator term author
245 10 - TITLE STATEMENT
Title Bunga rampai sastera melayu : warisan Islam
264 #1 - PRODUCTION, PUBLICATION, DISTRIBUTION, MANUFACTURE, AND COPYRIGHT NOTICE
Place of production, publication, distribution, manufacture Kuala Lumpur :
Name of producer, publisher, distributor, manufacturer Dewan Bahasa dan Pustaka ,
Date of production, publication, distribution, manufacture, or copyright notice 1996
300 ## - PHYSICAL DESCRIPTION
Extent xvi, 347 pages ;
Dimensions 22 cm
336 ## - CONTENT TYPE
Source rdacontent
Content type term text
337 ## - MEDIA TYPE
Source rdamedia
Media type term unmediated
338 ## - CARRIER TYPE
Source rdacarrier
Carrier type term volume
650 10 - SUBJECT ADDED ENTRY--TOPICAL TERM
Topical term or geographic name entry element Malay literature.
700 ## - ADDED ENTRY--PERSONAL NAME
Relator term author
942 ## - ADDED ENTRY ELEMENTS (KOHA)
-- dc
Koha item type Book
Holdings
Withdrawn Not for loan Current library Shelving location Date acquired Total Checkouts Full call number Barcode Date last seen Date last checked out Koha item type Total Renewals
    Perpustakaan Alor Setar Pinjaman Dewasa 03/01/1999 4 899.23 ALI A00230090 14/12/2024 23/11/2024 Book 1
  Not For Loan Perpustakaan Alor Setar Koleksi Prof. Dr. Muhammad Isa Othman 02/06/2011   KMI 899.23 ALI A00384214 08/05/2018   Book  
  Not For Loan Perpustakaan Alor Setar Koleksi Prof. Dr. Muhammad Isa Othman 15/06/2011   KMI 899.23 ALI A00383303 08/05/2018   Book  
    Perpustakaan Awam Sungai Petani Pinjaman Dewasa 03/01/1999   899.23 ALI A00230091 08/05/2018   Book  
    Perpustakaan Baling Pinjaman Dewasa 17/09/1998 1 899.23 ALI A00197154 13/06/2026 25/05/2026 Book  
    Perpustakaan Jitra Pinjaman Dewasa 03/01/1999 1 899.23 ALI A00230092 05/09/2020 04/02/2019 Book 1
    Perpustakaan Kulim Pinjaman Dewasa 03/01/1999 3 899.23 ALI A00230093 24/07/2022 13/07/2022 Book  
    Perpustakaan Yan Pinjaman Dewasa 03/01/1999   899.23 ALI A00230094 08/05/2018   Book  
    PD08, Felda Gunung Bongsu, Kulim Pinjaman Dewasa 03/01/1999   899.23 ALI A00230095 08/05/2018   Book